| 000 | 00796nam a2200217 a 4500 | ||
|---|---|---|---|
| 001 | 43927 | ||
| 003 | BD-RjUL | ||
| 005 | 20211209053755.0 | ||
| 008 | 160629s1955 ii ||||| |||| 00| 0 ben d | ||
| 035 | _a(BD-RjUL)44045 | ||
| 040 |
_aBD-RjUL _beng _cBD-RjUL _dBD-RjUL |
||
| 041 | _aben | ||
| 082 |
_223 _a891.441 _bTAS 1955 |
||
| 100 | 1 |
_aঠাকুর, রবীন্দ্রনাথ _9134959 |
|
| 245 | 1 | 0 |
_aসঞ্চয়িতা / _cরবীন্দ্রনাথ ঠাকুর |
| 260 |
_aকলিকাতা : _bবিশ্বভারতী, _c১৯৫৫ (১৩৬২ বাং) |
||
| 300 |
_a৮৯৪ পৃ. : _bচিত্র ; _e২১ সেমি. |
||
| 650 |
_aবাংলা কবিতা _9134960 |
||
| 650 |
_aBengali poetry _9134961 |
||
| 942 |
_2ddc _cBK _01 |
||
| 999 |
_c43927 _d43927 |
||